Finanzas corporativas Valor llave para una organizacin̤ sana y competente /

Detalles Bibliográficos
Autor principal: Pacheco Coello, Carlos E.
Formato: eBook
Lenguaje:español
Publicado: Mx̌ico DF: Instituto Mexicano de Contadores Pb︢licos, 2012
Materias:
Acceso en línea:Acceso restringido

MARC

LEADER 00000nam a22000007a 4500
005 20170307221657.0
007 cr|||| ||||
008 170307s2012 mx |||||s|||| 00||0 spa d
020 |a 978-607-762-146-1 
035 |a 14813 
040 |a vLex 
090 |c 6584  |d 6584 
100 1 |a Pacheco Coello, Carlos E. 
245 1 0 |a Finanzas corporativas  |h [Recurso electrn̤ico] :  |b Valor llave para una organizacin̤ sana y competente /  |c Carlos E. Pacheco Coello 
256 |a Servicio en ln̕ea 
260 |a Mx̌ico DF:  |b Instituto Mexicano de Contadores Pb︢licos,  |c 2012 
300 |a 1 recurso electrn̤ico 
500 |a Con frecuencia, al hablar de administracin̤ hay divorcio entre esta y las finanzas, y se le relega a la Gerencia, argumentando que esta funcin̤ solo le corresponde al director financiero; nos olvidamos de que todos los que participan en una entidad se dirigen (con un enfoque de eficiencia y eficacia) al manejo de los recursos; asimismo, otro error an︢ mayor es el de focalizar la “administracin̤ financiera” en el simple manejo de fr̤mulas matemt̀icas (fra̕s) y sin reflexin̤ ni sustento. En el primer caso, nos debe quedar claro que una empresa, entendida como un todo, divide sus procesos o funciones para el gerenciamiento con estrategia de los recursos, pero encadenados, de tal forma, que se convierta en un cuerpo inteligente encaminado a cumplir con una o varias misiones, tanto externas como internas; por ejemplo, cuando se habla del departamento de ventas o los mercadl̤ogos y sus funciones, su reflejo-impacto es el primer elemento de nuestros resultados: las ventas, pues sin ellas, la empresa no tiene sentido. Y cuando se hace mencin̤ de las otras funciones, estamos hablando de los costos que bien focalizados nos llevan a ser productivos y rentables; por lo tanto, no se deben visualizar como “gastos” que dan la impresin̤ de ser improductivos, cuando en realidad son inversiones a largo, mediano y corto plazo que producen el efecto de cambiar lo erogado “hoy” por el “maąna”. 
506 1 |a Disponible solo en los productos indicados  |d vLex Global  |d vLex Global (Academic Edition, excluding Law Schools)  |d vLex Global (U.S. Academic Edition, Law Schools)  |d vLex Global (U.S. Academic Edition, excluding Law Schools)  |d vLex Global (Academic Edition, Law Schools) 
650 0 4 |a Derecho Pb︢lico y Administrativo  |z Mx̌ico 
740 0 |a vLex Libros (Servicio en ln̕ea) 
856 4 0 |u http://vlex.com/source/finanzas-corporativas-valor-llave-para-una-organizacion-sana-y-competente-14813  |z Acceso restringido 
942 |c BOOK 
999 0 |a Public and Administrative Law